[Event "Gibraltar Masters 2014"]
[Site "Caleta ENG"]
[Date "2014.02.01"]
[Round "5.13"]
[White "Dreev,A"]
[Black "Popilski,G"]
[Result "1-0"]
[WhiteElo "2673"]
[BlackElo "2492"]

1.d4 Nf6 2.c4 g6 3.Nc3 d5 4.Nf3 Bg7 5.Bf4 O-O 6.Rc1 dxc4 7.e4 c5 8.dxc5 Qa5
9.Nd2 Be6 10.Bxc4 Bxc4 11.Nxc4 Qxc5 12.b3 Nc6 13.Be3 Qh5 14.Qxh5 Nxh5 15.g4 Nf6
16.f3 Rfd8 17.Ke2 Ne8 18.Rhd1 Nc7 19.f4 Rxd1 20.Nxd1 Nb5 21.e5 f6 22.exf6 exf6
23.Nf2 f5 24.gxf5 Nbd4+ 25.Kf1 Nxf5 26.Bc5 Ncd4 27.Nd3 Ne6 28.Re1 Nxc5 29.Nxc5 b6
30.Ne6 Bf6 31.Re2 Rc8 32.Rd2 b5 33.Ne5 Ng7 34.Ng5 Nh5 35.Ng4 Bg7 36.Ne6 Nf6
37.h3 b4 38.Rd6 Ne4 39.Rd7 Bb2 40.Nh6+ Kh8 41.Nf7+ Kg8 42.Nh6+ Kh8 43.Rxa7 Ng3+
44.Kg2 Nf5 45.Nxf5 gxf5 46.Rf7 Re8 47.Rf8+ Rxf8 48.Nxf8 Kg7 49.Ne6+ Kg6 50.Kf3 Kh5
51.Nc7 Bg7 52.Nd5 Bf8 53.Ne3 Kg6 54.Ke2 Bd6 55.Ng2 Kf6 56.Kd3 Ke7 57.Kd4 Ke6
58.Kc4 Bf8 59.Ne1 Be7 60.Nd3 Bd6 61.Kd4 Bc7 62.Kc5 Bd6+ 63.Kc4 h6 64.Kd4 Kf6
65.Kd5 Bb8 66.Nxb4 Bxf4 67.a4 Kg5 68.a5 Be3 69.Nd3 h5 70.b4 Kh4 71.a6 Ba7
72.Nf4 Kg5 73.Ng2  1-0

[Event "Gibraltar Masters 2014"]
[Site "Caleta ENG"]
[Date "2014.02.02"]
[Round "6.7"]
[White "Dreev,A"]
[Black "Mekhitarian,K"]
[Result "1-0"]
[WhiteElo "2673"]
[BlackElo "2566"]

1.d4 Nf6 2.c4 g6 3.Nc3 d5 4.e3 Bg7 5.Qb3 e6 6.Qa3 Nc6 7.Nf3 a6 8.Bd2 Ne4
9.Nxe4 dxe4 10.Ng1 Qe7 11.Qxe7+ Kxe7 12.f3 exf3 13.Nxf3 Rd8 14.Be2 b6 15.O-O Bb7
16.Rad1 a5 17.Bc3 Nb8 18.Be1 Nd7 19.Bh4+ Bf6 20.Bg3 Rac8 21.Rf2 Bg7 22.Bh4+ f6
23.b3 h6 24.Bg3 g5 25.h4 g4 26.Ne1 f5 27.Nd3 Nf6 28.Be5 Rg8 29.Rff1 Ne4 30.Bxg7 Rxg7
31.Nf4 Nc3 32.Rd2 Ne4 33.Rdd1 Nc3 34.Rde1 Rd8 35.Bd3 c5 36.d5 exd5 37.Bxf5 Rd6
38.h5 dxc4 39.bxc4 Rd2 40.e4 Rxa2 41.Re3 Na4 42.Rd3 Kf6 43.Rd6+ Ke5 44.Re6+ Kd4
45.Rxh6 Re7 46.Rd6+ Kc3 47.h6 Bxe4 48.Bxe4 Rxe4 49.h7 Re8 50.Ng6 Kxc4 51.Rdf6 Nc3
52.Rf8 Ne2+ 53.Kh2 Re6 54.h8=Q Rxg6 55.Qh5 Rg7 56.R8f7 Rg8 57.R7f6  1-0

[Event "Gibraltar Masters 2014"]
[Site "Caleta ENG"]
[Date "2014.02.03"]
[Round "7.3"]
[White "Kamsky,G"]
[Black "Dreev,A"]
[Result "1/2-1/2"]
[WhiteElo "2709"]
[BlackElo "2673"]

1.d4 d5 2.Bf4 Nf6 3.e3 e6 4.c3 Bd6 5.Bg3 Ne4 6.Nd2 Nxg3 7.hxg3 c5 8.Bd3 Nc6
9.Ndf3 Bd7 10.Ne2 Qe7 11.a3 e5 12.dxe5 Nxe5 13.Nf4 Bc6 14.Be2 Nxf3+ 15.Bxf3 Bxf4
16.gxf4 Rd8 17.Qd3 g6 18.O-O-O O-O 19.f5 Qg5 20.Kb1 Kg7 21.Ka1 h5 22.g3 Qf6
23.Rh4 Bd7 24.Bxd5 Bxf5 25.e4 Bg4 26.Rd2 Qf3 27.Qxf3 Bxf3 28.Rd3 Bg4 29.f3 Be6
30.c4 Rfe8 31.b4 b6 32.Kb2 f5 33.Kc3 fxe4 34.fxe4  1/2-1/2

[Event "Gibraltar Masters 2014"]
[Site "Caleta ENG"]
[Date "2014.02.04"]
[Round "8.4"]
[White "Vitiugov,N"]
[Black "Dreev,A"]
[Result "1/2-1/2"]
[WhiteElo "2737"]
[BlackElo "2673"]

1.d4 d5 2.c4 c6 3.cxd5 cxd5 4.Bf4 Nf6 5.Nc3 Nc6 6.e3 Bg4 7.Qb3 Na5 8.Qa4+ Bd7
9.Qc2 e6 10.Bd3 Nh5 11.Be5 Nc6 12.Qe2 Nxe5 13.dxe5 g6 14.Nf3 Bb4 15.O-O a6
16.Qc2 Rc8 17.Qb3 Qa5 18.Rfc1 O-O 19.a3 Bxc3 20.Rxc3 Rxc3 21.Qxc3 Qxc3 22.bxc3 Rc8
23.Rc1 Ng7 24.Kf1 Ne8 25.Ke2 Kf8 26.Kd2 Nc7 27.Nd4 Ke7 28.Rb1 b5 29.h4 Na8
30.h5 Nb6  1/2-1/2

[Event "Gibraltar Masters 2014"]
[Site "Caleta ENG"]
[Date "2014.02.05"]
[Round "9.8"]
[White "Dreev,A"]
[Black "Salem,AR"]
[Result "1-0"]
[WhiteElo "2673"]
[BlackElo "2564"]

1.d4 Nf6 2.Nf3 g6 3.c4 Bg7 4.e3 O-O 5.Be2 c5 6.d5 d6 7.Nc3 e6 8.Nd2 Re8 9.O-O exd5
10.cxd5 a6 11.a4 Nbd7 12.h3 Rb8 13.e4 Qc7 14.Re1 b6 15.Qc2 Nh5 16.Bxh5 gxh5
17.Nf1 h4 18.Bg5 Ne5 19.Ne3 c4 20.Bxh4 Nd3 21.Red1 b5 22.axb5 axb5 23.Bg3 Nxb2
24.Qxb2 b4 25.e5 Rxe5 26.Bxe5 Bxe5 27.Rac1 bxc3 28.Qe2 Rb4 29.Re1 Kh8 30.Qh5 Qe7
31.Nc2 Rb2 32.f4 Rxc2 33.Rxc2 Bd4+ 34.Kf1 Qf8 35.Rce2 Bd7 36.Re7 Be6 37.dxe6 Qxe7
38.Qd5 Bg7 39.exf7  1-0

[Event "Gibraltar Masters 2014"]
[Site "Caleta ENG"]
[Date "2014.02.06"]
[Round "10.4"]
[White "Dreev,A"]
[Black "Al Sayed,Mohamad"]
[Result "1/2-1/2"]
[WhiteElo "2673"]
[BlackElo "2476"]

1.d4 Nf6 2.Nf3 g6 3.c4 Bg7 4.e3 O-O 5.Be2 c5 6.d5 e6 7.Nc3 exd5 8.cxd5 d6
9.Nd2 Na6 10.O-O Rb8 11.e4 Re8 12.Re1 Bd7 13.Bf1 Ng4 14.Nf3 Ne5 15.Nxe5 Bxe5
16.Be3 f5 17.Qd2 Qf6 18.exf5 Bxf5 19.Bg5 Qf7 20.Bf4 Qf6 21.Bxe5 Rxe5 22.Rxe5 Qxe5
23.Re1 Qf6 24.Qf4 Rf8 25.g4 Bxg4 26.Qxf6 Rxf6 27.Ne4 Rf4 28.Nxd6 Bf3 29.Re8+ Kg7
30.Re7+ Kf8 31.Re8+ Kg7 32.Re7+ Kf8 33.Re8+ Kg7  1/2-1/2

[Event "15th ch-EUR Indiv 2014"]
[Site "Yerevan ARM"]
[Date "2014.03.03"]
[Round "1.25"]
[White "Nakar,Ey"]
[Black "Dreev,A"]
[Result "0-1"]
[WhiteElo "2409"]
[BlackElo "2679"]

1.e4 c6 2.d4 d5 3.Nd2 dxe4 4.Nxe4 Bf5 5.Ng3 Bg6 6.h4 h6 7.Nf3 e6 8.h5 Bh7
9.Bd3 Bxd3 10.Qxd3 Nf6 11.Bd2 Be7 12.O-O-O O-O 13.Kb1 c5 14.Ne4 Nc6 15.dxc5 Qxd3
16.Nxf6+ Bxf6 17.cxd3 Rfd8 18.Be3 Rd5 19.a3 Rad8 20.Kc2 a5 21.b3 e5 22.Rb1 Na7
23.Rbd1 Nb5 24.a4 Na7 25.Nd2 Be7 26.Nc4 Bxc5 27.Nb6 Bxb6 28.Bxb6 Rc8+ 29.Kb2 Nc6
30.Rd2 Nb4 31.Rhd1 f5 32.f3 Rc6 33.Be3 Kf7 34.g4 Rf6 35.g5 hxg5 36.Bxg5 Rfd6
37.Kc3 Rd4 38.Re2 Rc6+ 39.Kb2 Nxd3+ 40.Ka3 Rcd6 41.Rg1 e4 42.fxe4 Rxe4 43.Rxe4 fxe4
44.Bd2 Rd5 45.Bc3 Ne5 46.Ka2 e3 47.Rg3 e2 48.Re3 Nd3 49.Kb1 Rc5 50.Bd2 e1=Q+
51.Bxe1 Rc1+ 52.Ka2 Nxe1 53.Kb2 Rd1 54.Re4 Ng2 55.Re5 b6 56.Rf5+ Kg8 57.h6 gxh6
58.Rf6 Kg7 59.Rxb6 Nf4 60.b4 axb4 61.a5 Rd5  0-1

[Event "15th ch-EUR Indiv 2014"]
[Site "Yerevan ARM"]
[Date "2014.03.04"]
[Round "2.19"]
[White "Dreev,A"]
[Black "Stukopin,A"]
[Result "1/2-1/2"]
[WhiteElo "2679"]
[BlackElo "2544"]

1.d4 Nf6 2.c4 e6 3.Nc3 Bb4 4.Qc2 O-O 5.a3 Bxc3+ 6.Qxc3 b6 7.Bg5 Bb7 8.e3 d6
9.Nf3 Nbd7 10.Nd2 h6 11.Bh4 c5 12.dxc5 bxc5 13.f3 a5 14.Bd3 Qb6 15.O-O a4
16.Rfd1 d5 17.Bf2 Qc6 18.cxd5 exd5 19.Bf5 Rfe8 20.Rac1 Qb5 21.Nf1 Ra6 22.Bd3 c4
23.Bc2 Nc5 24.Ng3 Nb3 25.Bxb3 Qxb3 26.Nf5 Bc8 27.Qxb3 axb3 28.Nd4 Be6 29.Nb5 Rb8
30.Nc3 Bf5 31.e4 dxe4 32.fxe4 Nxe4 33.Nxe4 Bxe4 34.Rxc4 Bc2 35.Re1 Rba8 36.Bd4 Ra4
37.Rb4 Rxb4 38.axb4 Rd8 39.Bc3 Rd5 40.Kf2 Kf8 41.Ra1 g5 42.Ra5 Rxa5 43.bxa5 f5
44.Ke3 Ke7 45.a6 g4 46.h3 gxh3 47.gxh3 Kd7 48.a7 Be4 49.h4 h5 50.Kf4 Kc7
51.Kg5 Bf3 52.a8=Q Bxa8 53.Kxh5 f4 54.Be5+ Kd7 55.Bxf4 Ke6 56.Kg6 Be4+ 57.Kg7 Bf3  1/2-1/2

[Event "15th ch-EUR Indiv 2014"]
[Site "Yerevan ARM"]
[Date "2014.03.05"]
[Round "3.30"]
[White "Huzman,A"]
[Black "Dreev,A"]
[Result "1/2-1/2"]
[WhiteElo "2569"]
[BlackElo "2679"]

1.d4 d5 2.c4 c6 3.Nf3 Nf6 4.Nc3 e6 5.e3 Nbd7 6.Qc2 b6 7.Bd3 Bb7 8.O-O Be7
9.b3 dxc4 10.bxc4 c5 11.d5 exd5 12.cxd5 Nxd5 13.Nxd5 Bxd5 14.Rd1 Bf6 15.Be4 Bxe4
16.Qxe4+ Kf8 17.Rxd7 Qxd7 18.Qxa8+ Ke7 19.Qe4+ Kf8 20.Qa8+ Ke7 21.Qe4+ Kf8
22.Qa8+ Ke7  1/2-1/2

[Event "15th ch-EUR Indiv 2014"]
[Site "Yerevan ARM"]
[Date "2014.03.06"]
[Round "4.29"]
[White "Dreev,A"]
[Black "Paichadze,L"]
[Result "1/2-1/2"]
[WhiteElo "2679"]
[BlackElo "2529"]

1.d4 Nf6 2.c4 e6 3.Nc3 Bb4 4.Qc2 O-O 5.a3 Bxc3+ 6.Qxc3 b6 7.Bg5 Bb7 8.e3 d6
9.Ne2 Nbd7 10.Qc2 c5 11.Rd1 Qe7 12.Nc3 cxd4 13.Rxd4 Rfd8 14.f3 h6 15.Bh4 Nf8
16.Be2 Ng6 17.Bf2 d5 18.cxd5 Nxd5 19.O-O Nxc3 20.Qxc3 Rxd4 21.Qxd4 Rd8 22.Qc3 Rc8
23.Qd2 Rd8 24.Qc2 Rc8 25.Qa4 a6 26.Rd1 b5 27.Qd4 Bd5 28.Qb6 Rc6 29.Qb8+ Qf8
30.Qxf8+ Kxf8 31.Be1 Rc2 32.Bb4+ Ke8 33.Rd2 Rxd2 34.Bxd2 f6 35.e4 Bb3 36.Kf2 Ne5
37.Bc3 Nc4 38.f4 e5 39.fxe5 fxe5 40.h4 Bc2 41.Kf3 Kf7 42.Bxc4+ bxc4 43.Bxe5 a5
44.Kf4 g6 45.Bc3 a4 46.Ke5 h5 47.Kd5 Bb3 48.Kd6 Ke8 49.g3 Bc2 50.Kd5 Bb3
51.Ke6 Bc2 52.e5 Bb3 53.Kd6 Bc2 54.e6 Bb3 55.Bf6 Bc2  1/2-1/2

[Event "15th ch-EUR Indiv 2014"]
[Site "Yerevan ARM"]
[Date "2014.03.07"]
[Round "5.35"]
[White "Nigalidze,G"]
[Black "Dreev,A"]
[Result "1/2-1/2"]
[WhiteElo "2527"]
[BlackElo "2679"]

1.d4 d5 2.c4 c6 3.cxd5 cxd5 4.Nc3 Nf6 5.Bf4 Nc6 6.e3 Bg4 7.Qb3 Na5 8.Qa4+ Bd7
9.Qd1 e6 10.Nf3 Be7 11.Ne5 O-O 12.Bd3 Be8 13.O-O Nd7 14.Nxd7 Qxd7 15.Rc1 Nc6
16.Qf3 f6 17.Qg3 Rc8 18.Nb5 Bh5 19.a3 a6 20.Nd6 Bxd6 21.Bxd6 Rfe8 22.Bc5 e5
23.Qh4 Bg6 24.Bxg6 hxg6 25.dxe5 fxe5 26.Rfd1 Qe6 27.Qa4 Rcd8 28.Rd2 d4 29.Rcd1 Rd5
30.b4 Red8 31.Qb3 Qf7 32.h3 g5 33.Qc2 Qf6 34.a4 b5 35.axb5 axb5 36.Qa2 Kh7
37.e4 R5d7 38.Rd3 Qg6 39.f3 Rb8 40.Ra3 Nd8 41.Ra6 Qe8 42.Qd2 Ne6 43.Bd6 Rc8
44.Bxe5 Rc4 45.Rb6 Ra7 46.Rd6 Rd7 47.Rd5 Rd8 48.Qe1 Rc2 49.Rd2 Rc4 50.Qg3 Rxb4
51.Qg4 Qg6 52.Rxd8 Nxd8 53.Rxd4 Rxd4 54.Bxd4 Ne6 55.Be5 b4 56.h4 b3 57.hxg5 Nxg5
58.Bd4 Ne6 59.Qh3+ Kg8 60.Be5 Nf4 61.Qc8+ Kh7 62.Bxf4 Qb6+ 63.Kh2 b2 64.Qf5+ Kg8
65.Qd5+ Kh7 66.Qh5+ Kg8 67.Qd5+ Kh7 68.Qf5+ Kg8  1/2-1/2

[Event "15th ch-EUR Indiv 2014"]
[Site "Yerevan ARM"]
[Date "2014.03.08"]
[Round "6.39"]
[White "Dreev,A"]
[Black "Can,E"]
[Result "1-0"]
[WhiteElo "2679"]
[BlackElo "2524"]

1.d4 Nf6 2.c4 e6 3.Nc3 Bb4 4.Qc2 O-O 5.Nf3 c5 6.dxc5 Na6 7.c6 bxc6 8.Bd2 d5
9.e3 Bd6 10.Be2 Nc5 11.O-O a5 12.Rfd1 Ba6 13.Be1 Qb6 14.Rab1 Rfd8 15.b3 h6
16.h3 Qc7 17.cxd5 cxd5 18.Nb5 Bxb5 19.Bxb5 Qb7 20.a4 Rdc8 21.Rdc1 Nce4 22.Qb2 Bb4
23.Nd4 Bxe1 24.Rxe1 Rc7 25.Rec1 Rac8 26.Rxc7 Qxc7 27.Nc6 Nd6 28.Rc1 Ra8 29.Qa3 Nxb5
30.axb5 Qb6 31.Qa4 Ne4 32.b4 Nd6 33.bxa5 Qxb5 34.Qxb5 Nxb5 35.Rb1 Na7 36.Ne7+ Kf8
37.Rb7 Nb5 38.Nc6 Nd6 39.Rd7 Ne8 40.Rb7 Nd6 41.Rd7 Ne8 42.Ne5 f6 43.Nc6 Ra6
44.Nd4 e5 45.Nb3 Rd6 46.Rb7 Ra6 47.g4 g5 48.Rd7 Nd6 49.Kf1 Ke8 50.Rc7 Nf7
51.Ke2 Nd8 52.Kd3 Nc6 53.Nc5 Nb4+ 54.Kc3 Rc6 55.Rxc6 Nxc6 56.a6 Ke7 57.Nb7 Kd7
58.Nc5+ Kd6 59.Nd3 Kc7 60.Nb4 Ne7 61.Kb3 Kb6 62.Kc2 Ka7 63.Kb3 Kb6 64.Ka4 f5
65.gxf5 Nxf5 66.Nxd5+ Kxa6 67.Kb4 Nd6 68.Nf6 Kb6 69.Nd7+ Kc6 70.Nxe5+ Kd5
71.Ng4 Nf7 72.f3 Ke6 73.Kc3 h5 74.Nh2 Ne5 75.Kd2 Nd7 76.Kd3 Ke5 77.Nf1 Nf6
78.Ng3 Kd5 79.e4+ Ke5 80.Ke3 Ke6 81.f4 h4 82.fxg5 Nh7 83.g6 Ng5 84.Nf5 Nxh3
85.e5 Kxe5 86.g7 Kxf5 87.g8=Q Ng5 88.Qc8+  1-0

[Event "15th ch-EUR Indiv 2014"]
[Site "Yerevan ARM"]
[Date "2014.03.10"]
[Round "7.21"]
[White "Bok,B"]
[Black "Dreev,A"]
[Result "1-0"]
[WhiteElo "2575"]
[BlackElo "2679"]

1.e4 c6 2.d4 d5 3.e5 Bf5 4.Nf3 e6 5.Be2 Ne7 6.O-O Bg6 7.Nbd2 Nf5 8.c3 Nd7
9.Ne1 c5 10.Ndf3 Rc8 11.Nd3 cxd4 12.cxd4 Nb8 13.Bd2 Nc6 14.Bc3 Bh5 15.Nf4 Bxf3
16.Bxf3 Bb4 17.Bg4 Bxc3 18.bxc3 Nce7 19.Qd2 g6 20.Be2 h5 21.Bd3 Kf8 22.g3 Kg7
23.Ne2 Nh6 24.h3 Nc6 25.Kg2 Na5 26.Rh1 Nc4 27.Qf4 Qe7 28.Rab1 b6 29.Rbc1 b5
30.g4 Qh4 31.gxh5 Qxf4 32.Nxf4 g5 33.Ne2 f6 34.h4 gxh4 35.exf6+ Kxf6 36.Rxh4 Nd6
37.Rb1 a6 38.Rh3 Rcg8+ 39.Kf1 Nhf7 40.Rf3+ Ke7 41.Nf4 Ng5 42.Re3 Kd7 43.Rbe1 Nde4
44.Bxe4 Nxe4 45.f3 Ng3+ 46.Kf2 Nxh5 47.Nxe6 Kd6 48.Rh1 a5 49.Re5 Nf6 50.Rxh8 Rxh8
51.Nf4 Kd7 52.Nxd5 Ne8 53.a4 Nd6 54.axb5 Nxb5 55.Nb6+ Kc6 56.Nc4 Rb8 57.Rc5+ Kd7
58.Nxa5 Nc7 59.Nc4 Nb5 60.Ne5+ Ke6 61.Ke3 Nd6 62.Rc6 Ke7 63.c4 Rb1 64.c5 Nb5
65.Rb6 Kd8 66.Nd3 Rb3 67.d5 Ke7 68.f4 Ke8 69.f5 Ke7 70.Ke4  1-0

[Event "15th ch-EUR Indiv 2014"]
[Site "Yerevan ARM"]
[Date "2014.03.11"]
[Round "8.39"]
[White "Dreev,A"]
[Black "Dzagnidze,N"]
[Result "1-0"]
[WhiteElo "2679"]
[BlackElo "2546"]

1.d4 Nf6 2.c4 e6 3.Nc3 Bb4 4.Qc2 O-O 5.a3 Bxc3+ 6.Qxc3 b6 7.Bg5 Bb7 8.e3 d6
9.Ne2 Nbd7 10.Qc2 c5 11.Rd1 Qc8 12.f3 Re8 13.Qd2 h6 14.Bh4 Ba6 15.Rc1 d5
16.cxd5 exd5 17.Nc3 Bxf1 18.Kxf1 Qb7 19.Kf2 c4 20.g4 b5 21.Rhg1 Re6 22.g5 hxg5
23.Bxg5 a5 24.Ne2 b4 25.Nf4 Rb6 26.a4 Nf8 27.Qc2 Ne8 28.e4 dxe4 29.Qxe4 Nd6
30.Qxb7 Rxb7 31.Nd5 Ne6 32.Bf6 c3 33.b3 Nf5 34.Rg4 Ra6 35.Be5 Kh7 36.Rcg1 Rd7
37.Ne3 Nxe3 38.Kxe3 Rc6 39.Bxg7 Nxg7 40.Rxg7+ Kh6 41.R7g4 Rg6 42.Kd3 Kg7
43.h4 Kh6 44.Rxg6+ fxg6 45.Kc4 Rf7 46.d5 Rxf3 47.d6 c2 48.Rc1 Rf2 49.Kb5 Kg7
50.d7  1-0

[Event "15th ch-EUR Indiv 2014"]
[Site "Yerevan ARM"]
[Date "2014.03.12"]
[Round "9.27"]
[White "Parligras,M"]
[Black "Dreev,A"]
[Result "0-1"]
[WhiteElo "2572"]
[BlackElo "2679"]

1.d4 d5 2.c4 c6 3.Nf3 Nf6 4.Nc3 e6 5.Bg5 Nbd7 6.e3 Qa5 7.Nd2 Bb4 8.Qc2 O-O
9.Be2 c5 10.O-O cxd4 11.Nb3 Qd8 12.Nxd4 Bxc3 13.bxc3 dxc4 14.Bxc4 Qe7 15.Be2 h6
16.Bh4 Ne5 17.Rfd1 Ng6 18.Bg3 e5 19.Nf5 Bxf5 20.Qxf5 Rac8 21.h4 Rfe8 22.h5 Nf8
23.Bb5 Qe6 24.Qf3 Re7 25.Ba4 N8h7 26.Bh4 Ng5 27.Bxg5 hxg5 28.Rd2 g4 29.Qd1 Rec7
30.Rd8+ Kh7 31.Rxc8 Rxc8 32.Qb1+ Kh6 33.Qxb7 g3 34.fxg3 Rxc3 35.Bb3 Qg4 36.Qf3 Qxh5
37.Qxh5+ Kxh5 38.Bxf7+ Kg4 39.Kh2 Rxe3 40.Be6+ Kg5 41.Rb1 Ne4 42.Rb4 Re1
43.g4 g6 44.Bd5 Nc3 45.Be6 e4 46.Kg3 e3 47.Bc4 e2 48.Rb2 Ne4+ 49.Kf3 Rf1+  0-1

[Event "15th ch-EUR Indiv 2014"]
[Site "Yerevan ARM"]
[Date "2014.03.13"]
[Round "10.15"]
[White "Dreev,A"]
[Black "Artemiev,V"]
[Result "1/2-1/2"]
[WhiteElo "2679"]
[BlackElo "2621"]

1.d4 Nf6 2.c4 g6 3.Nc3 d5 4.Nf3 Bg7 5.e3 O-O 6.Bd2 c5 7.dxc5 Na6 8.cxd5 Nxc5
9.Bc4 Bf5 10.O-O Rc8 11.Be1 Nce4 12.Qe2 Bg4 13.Nxe4 Nxe4 14.h3 Bxf3 15.gxf3 Ng5
16.f4 Nf3+ 17.Kg2 Nxe1+ 18.Raxe1 Qd6 19.Bb3 Rc5 20.Rc1 Rfc8 21.Rxc5 Rxc5
22.Rd1 b5 23.Qd2 a5 24.Qxa5 Bxb2 25.Qd2 Bc3 26.Qe2 Bf6 27.Qg4 Rc3 28.f5 Kg7
29.fxg6 hxg6 30.h4 Kh6 31.Rh1 Qe5 32.Rd1 Qd6 33.Kh3 Rc5 34.Rg1 Qe5 35.Rd1 Qd6
36.Qg3 Rc8 37.Rg1 Be5 38.Qg4 Rh8 39.Rc1 Kg7 40.Kg2 f5 41.Qh3 Bf6  1/2-1/2

[Event "15th ch-EUR Indiv 2014"]
[Site "Yerevan ARM"]
[Date "2014.03.14"]
[Round "11.16"]
[White "Perunovic,Mil"]
[Black "Dreev,A"]
[Result "1-0"]
[WhiteElo "2617"]
[BlackElo "2679"]

1.e4 c6 2.d4 d5 3.e5 Bf5 4.Nd2 e6 5.Nb3 c5 6.dxc5 Bxc5 7.Bb5+ Nc6 8.a4 Bf8
9.a5 a6 10.Ba4 Qc7 11.Ne2 Qxe5 12.Nd4 Rc8 13.O-O Bc5 14.Be3 Qd6 15.b4 Bxd4
16.Nxd4 Ne7 17.Nxf5 Nxf5 18.Bc5 Qc7 19.c4 dxc4 20.Qg4 Qe5 21.Rfe1 Qf6 22.Qxc4 Ne7
23.b5 axb5 24.Qxb5 Qf5 25.Rec1 O-O 26.Qxb7 Nxa5 27.Qxe7  1-0

[Event "21st TCh-RUS 2014"]
[Site "Loo RUS"]
[Date "2014.04.07"]
[Round "1.5"]
[White "Dreev,A"]
[Black "Iljiushenok,I"]
[Result "1-0"]
[WhiteElo "2670"]
[BlackElo "2429"]

1.d4 d5 2.c4 e5 3.dxe5 d4 4.Nf3 Nc6 5.g3 Nge7 6.Bg2 Ng6 7.O-O Ngxe5 8.Nxe5 Nxe5
9.b3 Bc5 10.Nd2 O-O 11.Ne4 Be7 12.Bb2 c5 13.e3 Nc6 14.exd4 cxd4 15.Qh5 Qd7
16.Nc5 Qd6 17.Nd3 g6 18.Qb5 a6 19.Qb6 Qd8 20.Qxd8 Rxd8 21.Rfe1 Bf8 22.Be4 Bd7
23.Nf4 Bg7 24.Nd5 Rab8 25.Ba3 Bh3 26.Rad1 Rbc8 27.Nf4 Bd7 28.Nd3 b6 29.Nf4 Bf8
30.Bxf8 Kxf8 31.Nd5 b5 32.Nb6 Rc7 33.cxb5 axb5 34.Rc1 Be8 35.Red1 Rb7 36.Nd5 Ra7
37.Rd2 Kg7 38.Rc5 b4 39.Rc4 f5 40.Bg2 Bf7 41.Nxb4 Nxb4 42.Rxb4 d3 43.Rb7 Ra5
44.Rc7 g5 45.Bf1 Kf6 46.Rc6+ Kg7 47.Rc3 Ra7 48.f3 f4 49.gxf4 gxf4 50.Rcxd3 Rxd3
51.Bxd3 Rd7 52.Rg2+ Kf6 53.Bc2 Bh5 54.Rf2 Rc7 55.Be4  1-0

[Event "21st TCh-RUS 2014"]
[Site "Loo RUS"]
[Date "2014.04.08"]
[Round "2.2"]
[White "Dominguez Perez,L"]
[Black "Dreev,A"]
[Result "1-0"]
[WhiteElo "2757"]
[BlackElo "2670"]

1.e4 c6 2.d4 d5 3.e5 Bf5 4.Nf3 e6 5.Be2 Ne7 6.O-O Bg6 7.Nbd2 Nf5 8.Nb3 Nd7
9.c3 a6 10.Bf4 Be7 11.g4 Nh4 12.Nxh4 Bxh4 13.Bg3 Bxg3 14.hxg3 Qb6 15.f4 Be4
16.a4 c5 17.a5 Qc7 18.Nd2 Rd8 19.Nxe4 dxe4 20.d5 Nxe5 21.Qa4+ Nd7 22.dxe6 fxe6
23.Qxe4 O-O 24.Qxe6+ Kh8 25.Bf3 g5 26.Qe7 Rg8 27.Rad1 gxf4 28.gxf4 Qxf4 29.Rxd7 Rxg4+
30.Kf2 Rxd7 31.Qxd7 Rg7 32.Qe8+ Rg8 33.Qe4 Qd2+ 34.Qe2 Qf4 35.Rg1 Rd8 36.Qe7 Qd2+
37.Qe2 Qf4 38.Rg4 Qh2+ 39.Ke1 Qd6 40.Rg5 Rf8 41.Bd5  1-0

[Event "21st TCh-RUS 2014"]
[Site "Loo RUS"]
[Date "2014.04.09"]
[Round "3.2"]
[White "Dreev,A"]
[Black "Alekseev,Evgeny"]
[Result "1/2-1/2"]
[WhiteElo "2670"]
[BlackElo "2678"]

1.d4 Nf6 2.c4 e6 3.Nc3 Bb4 4.Qc2 O-O 5.a3 Bxc3+ 6.Qxc3 b6 7.Bg5 Bb7 8.e3 d6
9.Ne2 Nbd7 10.Qc2 c5 11.Rd1 Qe7 12.dxc5 bxc5 13.Nc3 Rfd8 14.f3 Ne5 15.Be2 d5
16.O-O h6 17.Bh4 Nxc4 18.Bxc4 dxc4 19.Qa4 g5 20.Bf2 Nd7 21.Bg3 Nb6 22.Qc2 Nd5
23.Rfe1 Nxc3 24.Qxc3 Rxd1 25.Rxd1 Rd8 26.Rxd8+ Qxd8 27.h3 h5 28.Qxc4 Qd5
29.Qxd5 Bxd5 30.e4 Bc6 31.Bf2 f5 32.exf5 exf5 33.Bxc5 a5 34.b3 Bd5 35.b4 axb4
36.axb4 Bc6 37.h4 g4 38.Kf2 gxf3 39.gxf3 Kf7 40.Ke3 Ke6 41.Kf4 Bd5 42.b5 Bb7
43.b6 Bc6 44.Bf2 Bb7 45.Ke3 Bc6  1/2-1/2

[Event "21st TCh-RUS 2014"]
[Site "Loo RUS"]
[Date "2014.04.10"]
[Round "4.4"]
[White "Goganov,A"]
[Black "Dreev,A"]
[Result "1/2-1/2"]
[WhiteElo "2587"]
[BlackElo "2670"]

1.c4 c6 2.Nf3 d5 3.g3 Nf6 4.Bg2 dxc4 5.O-O Nbd7 6.Qc2 Nb6 7.a4 a5 8.Na3 g6
9.Nxc4 Bg7 10.e4 Nxc4 11.Qxc4 O-O 12.d3 Be6 13.Qc2 Bg4 14.Be3 Ne8 15.Ng5 Nc7
16.h3 Bc8 17.Nf3 Ne6 18.Qc4 c5 19.e5 b6 20.Rfd1 Ra7 21.d4 Rd7 22.Rd2 cxd4
23.Bxd4 Nxd4 24.Rxd4 Rxd4 25.Nxd4 Bxe5 26.Nc6 Qd6 27.Qb5 Bd4 28.Re1 e6 29.Nxd4 Qxd4
30.Bc6 Rd8 31.Re4 Qd1+ 32.Kg2 Rd6 33.Rc4 Bd7 34.Bxd7 Rxd7 35.Rc6 Rd6 36.Rxb6 Rxb6
37.Qxb6 Qxa4 38.Qb8+ Kg7 39.Qe5+ Kg8 40.Qb8+ Kg7 41.Qe5+ Kf8 42.Qd6+ Ke8
43.Qb8+ Ke7 44.Qc7+ Kf6 45.Qd8+ Kg7 46.Qd2 Qe4+ 47.Kg1 a4 48.h4 h6 49.Kh2 e5
50.Kg1 Qd4 51.Qc2 e4 52.Kg2 Qb4 53.Kg1 Qd4 54.Kg2 g5 55.hxg5 hxg5 56.Qc1 Qd5
57.Kg1 Kg6 58.Qc2 Qd4 59.Qc6+ Kg7 60.Qc1 Qe5 61.Kg2 Qf6 62.Kg1 Kh6 63.Qd2 Kh5
64.Qd1+ Qf3 65.Qd5 Kg4 66.Qd7+ f5 67.Qd4 Qb3 68.Kg2 Qf3+ 69.Kg1 Kh3 70.Qh8+ Kg4
71.Qd4  1/2-1/2

[Event "21st TCh-RUS 2014"]
[Site "Loo RUS"]
[Date "2014.04.11"]
[Round "5.4"]
[White "Dreev,A"]
[Black "Oparin,G"]
[Result "1/2-1/2"]
[WhiteElo "2670"]
[BlackElo "2542"]

1.d4 d5 2.c4 e6 3.Nc3 Be7 4.Nf3 Nf6 5.Bf4 O-O 6.e3 Nbd7 7.Be2 dxc4 8.O-O Nb6
9.a4 Nbd5 10.Be5 c5 11.Bxc4 b6 12.Qb3 Bb7 13.Rfd1 Nxc3 14.bxc3 Qc8 15.a5 Ba6
16.Nd2 bxa5 17.Rxa5 Bxc4 18.Nxc4 cxd4 19.cxd4 Qc6 20.Rda1 Rfc8 21.Nd2 a6
22.Bxf6 gxf6 23.h3 Qc2 24.R5a2 Qxb3 25.Nxb3 Rc3 26.Nd2 Rc6 27.Ra4 h5 28.h4 Kg7
29.g3 Kg6 30.Kg2 Rb6 31.R1a2 Rc6 32.Kf3 Rb6 33.Ke4 Rc6 34.Kd3 Rb6 35.Ke2 Rc6
36.Nf3 Bd6 37.Ne1 a5 38.Rxa5 Rxa5 39.Rxa5 Bb4 40.Ra2 Bxe1 41.Kxe1 f5 42.Ke2 Rb6
43.Kf3 Kf6 44.Ra8 Kg7 45.Ra2 Kf6 46.Rc2 Ra6 47.Rd2 Ra5 48.Ke2 Ra3 49.Rb2 Ra6
50.Kd3 Ra3+ 51.Kd2 Ra6 52.e4 fxe4 53.Ke3 Kf5 54.Rb5+ Kg6 55.Rg5+ Kh6 56.Kxe4 Ra2
57.f3 Re2+ 58.Kd3 Re1 59.f4 f6 60.Rg8 Kh7 61.Re8 Kg6 62.Kd2 Re4 63.Kd3 Re1
64.Kd2 Re4  1/2-1/2

[Event "21st TCh-RUS 2014"]
[Site "Loo RUS"]
[Date "2014.04.12"]
[Round "6.1"]
[White "Dreev,A"]
[Black "Grischuk,A"]
[Result "1/2-1/2"]
[WhiteElo "2670"]
[BlackElo "2777"]

1.d4 Nf6 2.c4 g6 3.Nf3 Bg7 4.e3 O-O 5.Be2 c5 6.d5 e6 7.Nc3 d6 8.Nd2 Na6 9.e4 Re8
10.O-O Nc7 11.Re1 Rb8 12.dxe6 Nxe6 13.Nb3 Nd4 14.Bf1 Ng4 15.h3 Ne5 16.Nxd4 cxd4
17.Nb5 Qb6 18.Nxd4 Nxc4 19.Bxc4 Bxd4 20.Be3 Bxe3 21.Rxe3 Qxb2 22.e5 Qb4 23.Qxd6 Qxd6
24.exd6 Be6 25.Rae1 Rbd8 26.Bxe6 Rxe6 27.Rxe6 fxe6 28.Rxe6 Rd7 29.f4 Kf7
30.f5 gxf5 31.Rh6 Kg7 32.Re6 Kf7 33.Rh6 Kg7 34.Re6 Kf7  1/2-1/2

[Event "21st TCh-RUS 2014"]
[Site "Loo RUS"]
[Date "2014.04.13"]
[Round "7.4"]
[White "Tomashevsky,E"]
[Black "Dreev,A"]
[Result "1/2-1/2"]
[WhiteElo "2697"]
[BlackElo "2670"]

1.d4 d5 2.c4 c6 3.Nf3 Nf6 4.Nc3 e6 5.Bg5 Nbd7 6.e3 Qa5 7.cxd5 Nxd5 8.Rc1 Nxc3
9.bxc3 Ba3 10.Rc2 b6 11.Be2 Ba6 12.O-O Bxe2 13.Qxe2 O-O 14.Rd1 Rfe8 15.Bf4 Rac8
16.c4 Be7 17.e4 Qa4 18.h3 Nf8 19.Be3 Ng6 20.g3 c5 21.d5 exd5 22.Rxd5 Bf6
23.Qd3 Ne7 24.Rd6 Nc6 25.a3 Be5 26.Rd5 Bc7 27.Kg2 Ne7 28.Rd7 Nc6 29.Rd5 Ne7
30.Rd7 Nc6  1/2-1/2

[Event "TCh-CHN Division A 2014"]
[Site "Jinan CHN"]
[Date "2014.06.04"]
[Round "6.5"]
[White "Zhao Jun"]
[Black "Dreev,A"]
[Result "1/2-1/2"]
[WhiteElo "2610"]
[BlackElo "2667"]

1.d4 d5 2.c4 c6 3.cxd5 cxd5 4.Bf4 Nf6 5.Nc3 Nc6 6.e3 Bg4 7.Qb3 Na5 8.Qa4+ Bd7
9.Qc2 e6 10.Nf3 Be7 11.Bd3 Nc6 12.a3 Nh5 13.Be5 f6 14.Bg3 f5 15.Be5 Nf6 16.O-O O-O
17.Rac1 Ne4 18.Qb3 Na5 19.Qa2 Nc6 20.Qb3 Na5 21.Qa2 Nc6 22.h3 Nxe5 23.Nxe5 Bd6
24.Ne2 Qe7 25.f3 Bxe5 26.dxe5 Nc5 27.Rfd1 Nxd3 28.Rxd3 Bb5 29.Rd2 Bc4 30.b3 Bxe2
31.Rxe2 Rac8 32.Qb2 Rc5 33.Rec2 Rfc8 34.Rxc5 Rxc5 35.f4 Qc7 36.Rxc5 Qxc5
37.Kf2 Kf7 38.a4 a5 39.Qd2 Ke7 40.g4  1/2-1/2

[Event "TCh-CHN Division A 2014"]
[Site "Jinan CHN"]
[Date "2014.06.05"]
[Round "7.2"]
[White "Dreev,A"]
[Black "Lu Shanglei"]
[Result "1/2-1/2"]
[WhiteElo "2667"]
[BlackElo "2556"]

1.d4 d5 2.c4 e6 3.Nc3 Nf6 4.cxd5 exd5 5.Bg5 c6 6.Qc2 Na6 7.e3 Nb4 8.Qb1 g6
9.Qd1 a5 10.a3 Na6 11.Bd3 Nc7 12.Nf3 Ne6 13.Bh4 Be7 14.O-O O-O 15.Qb3 b6
16.Rac1 Rb8 17.Bg3 Bd6 18.Be5 Ng4 19.Bxd6 Qxd6 20.h3 Nf6 21.Ne5 Nc5 22.Qc2 Nxd3
23.Qxd3 Bf5 24.Qe2 Nd7 25.e4 Bxe4 26.Nxe4 dxe4 27.Qxe4 c5 28.Qc6 Qxc6 29.Nxc6 Rbe8
30.dxc5 Nxc5 31.Rc2 a4 32.Rd1 Re6 33.Nb4 Rfe8 34.Kf1 Kg7 35.Rcd2 Nb3 36.Rc2 Nc5
37.g3 h5 38.h4 Re4 39.Na2 R8e6 40.Nc3 Rc4 41.Re2 Rxe2 42.Kxe2 Ne4 43.Nd5 b5
44.Nb4 Nc5 45.Rd5 Ne6 46.Ke3 f5 47.Nd3 Re4+ 48.Kd2 Nd4 49.Rd7+ Kf6 50.Rd6+ Kf7
51.Rd7+ Kf6 52.Rd6+ Kf7 53.Rb6 Nb3+ 54.Kd1 Rd4 55.Ke2 Rd5 56.f4 Nd4+ 57.Kf2 Nc6
58.Ke2 Nd4+ 59.Kd2 Kg7 60.Rb7+ Kf6 61.Rb6+ Kg7 62.Ke3 Nc2+ 63.Ke2 Nd4+ 64.Ke3 Nc2+
65.Ke2 Nd4+ 66.Ke3  1/2-1/2